000 01885nam a2200361 a 4500
001
003 DO-SdBNP
005 20231026115753.0
008 090714s2006 dr ac 001 0 spa d
020 _a9945140108
040 _aDO-SdBNP
_bspa
_cBPMSU
082 _a355.037293
_bP227s 2006
_222
100 1 _aPared Pérez, Sifrido A.,
_d1957-
245 1 0 _aSeguridad defensa e identidad nacional /
_cSifrido A. Pared Pérez ; prólogo Euclides Gutiérrez Félix ; investigación Lilian Bobea, Raúl Benítez Manaut, Rut Diamint.
260 _aSanto Domingo :
_bInstituto Iberoamericano de Inteligencia y Seguridad ;
_bComisionado de Apoyo de la Reforma y Modernización de la Justicia,
_c2006.
300 _a467 p. :
_bil., retrs. ;
_c23 cm.
500 _aIncluye referencias bibliográficas y notas al pie de las páginas
504 _aBibliografía : p. 465-467
505 0 _aEl ambiente de seguridad nacional y los elementos que lo propician - La estructura nacional de seguridad y defensa en la República Dominicana -- La cultura de seguridad, defensa e identidad nacional: papel de la educación militar -- La doctrina militar: una respuesta a las amenazas y riesgos -- Seguridad, defensa, identidad y desarrollo nacional -- Lienzos de la identidad dominicana: simbiosis gráfica de historia, patria, defensa y sociedad.
590 _aInventariado, 2022/VM
650 4 _aIdentidad nacional
_xHistoria
_zRepública Dominicana
650 4 _aDefensa (ciencia militar)
650 4 _aPintura dominicana
651 4 _aRepública Dominicana
_xSeguridad Nacional
651 4 _aRepública Dominicana
_xCaracterísticas Nacionales
651 4 _aRepública Dominicana
_xFuerzas Armadas
700 1 _aGutiérrez Félix, Euclides,
_eprólogo
700 1 _aBobea, Lilian
700 1 _aBenítez Manaut, Rut
700 1 _aDiamint, Rut
910 _aVMateo V.
942 _2ddc
_cBK
999 _c14058
_d14058